Antiques at a glance : (Record no. 17494)
[ view plain ]
| 000 -LEADER | |
|---|---|
| fixed length control field | 01053cam a2200277 a 4500 |
| 001 - CONTROL NUMBER | |
| control field | 13172304 |
| 005 - DATE AND TIME OF LATEST TRANSACTION | |
| control field | 20161126120021.0 |
| 008 - FIXED-LENGTH DATA ELEMENTS--GENERAL INFORMATION | |
| fixed length control field | 020923s2002 enka c 001 0 eng d |
| 010 ## - LIBRARY OF CONGRESS CONTROL NUMBER | |
| LC control number | 2003430732 |
| 020 ## - INTERNATIONAL STANDARD BOOK NUMBER | |
| Canceled/invalid ISBN | 185648646X |
| 035 ## - SYSTEM CONTROL NUMBER | |
| System control number | (OCoLC)ocm50648245 |
| 040 ## - CATALOGING SOURCE | |
| Original cataloging agency | JX7 |
| Transcribing agency | DLC |
| Modifying agency | JX7 |
| -- | OCLCQ |
| -- | DLC |
| 042 ## - AUTHENTICATION CODE | |
| Authentication code | lccopycat |
| 050 00 - LIBRARY OF CONGRESS CALL NUMBER | |
| Classification number | NK2240 |
| Item number | .M33 2002 |
| 100 1# - MAIN ENTRY--PERSONAL NAME | |
| Personal name | Mackay, James A. |
| Fuller form of name | (James Alexander), |
| Dates associated with a name | 1936-2007. |
| 245 10 - TITLE STATEMENT | |
| Title | Antiques at a glance : |
| Remainder of title | furniture / |
| Statement of responsibility, etc. | James Mackay. |
| 246 30 - VARYING FORM OF TITLE | |
| Title proper/short title | Furniture |
| 260 ## - PUBLICATION, DISTRIBUTION, ETC. (IMPRINT) | |
| Place of publication, distribution, etc. | London : |
| Name of publisher, distributor, etc. | PRC ; |
| Place of publication, distribution, etc. | New York : |
| Name of publisher, distributor, etc. | Distributed in the U.S. and Canada by Sterling Pub. Co., |
| Date of publication, distribution, etc. | 2002. |
| 300 ## - PHYSICAL DESCRIPTION | |
| Extent | 144 p. : |
| Other physical details | col. ill. ; |
| Dimensions | 22 cm. |
| 500 ## - GENERAL NOTE | |
| General note | Includes index. |
| 650 #0 - SUBJECT ADDED ENTRY--TOPICAL TERM | |
| Topical term or geographic name as entry element | Furniture |
| Form subdivision | Catalogs. |
| 942 ## - ADDED ENTRY ELEMENTS (KOHA) | |
| Source of classification or shelving scheme | |
| Koha item type | Hard Covered Materials |
| Classification part | NA1521 .A2 1997 |
| Withdrawn status | Lost status | Source of classification or shelving scheme | Damaged status | Not for loan | Home library | Current library | Shelving location | Date acquired | Source of acquisition | Total Checkouts | Full call number | Barcode | Date last seen | Price effective from | Koha item type |
|---|---|---|---|---|---|---|---|---|---|---|---|---|---|---|---|
| MACHAKOS UNIVERSITY LIBRARY | MACHAKOS UNIVERSITY LIBRARY | Open shelf | 26/11/2016 | Donation(BFA) | NA1521 .A2 1997 | 28305 | 26/11/2016 | 26/11/2016 | Hard Covered Materials |